Engineering thermodynamics with applications (Record no. 162249)

MARC details
000 -LEADER
fixed length control field 00406nam a2200157Ia 4500
008 - FIXED-LENGTH DATA ELEMENTS--GENERAL INFORMATION
fixed length control field 231217s9999 xx 000 0 und d
041 ## - LANGUAGE CODE
Language code of text/sound track or separate title English
082 ## - DEWEY DECIMAL CLASSIFICATION NUMBER
Classification number 621.4021 BUR;2
100 ## - MAIN ENTRY--PERSONAL NAME
Personal name Burghardt, M David
245 #0 - TITLE STATEMENT
Title Engineering thermodynamics with applications
250 ## - EDITION STATEMENT
Edition statement 3rd ed.
260 ## - PUBLICATION, DISTRIBUTION, ETC.
Date of publication, distribution, etc. 1986
Name of publisher, distributor, etc. Harper & Row, New York
300 ## - PHYSICAL DESCRIPTION
Extent xiii+608
650 ## - SUBJECT ADDED ENTRY--TOPICAL TERM
Topical term or geographic name entry element Thermodynamics
942 ## - ADDED ENTRY ELEMENTS (KOHA)
Koha item type Books
Holdings
Date last seen Total checkouts Full call number Accession number Cost, total (INR) price Price effective from Category Lost status Damaged status Department Withdrawn status Home library Current library Shelving location Entry date Cost, normal purchase price Grants Billnumber Billdate Currency symbol Conversion rate Discount Old discount Public note
26/01/2024   621.4021 BUR;2 4338 243.27 26/01/2024 Books     Library Annex   Central Library Central Library Library Annex 19/12/1992 9.00 ME 19498 08/12/1993 USD 31.8 1.35 15  
26/01/2024   621.4021 BUR R 4339 243.27 26/01/2024 Books     Library Annex   Central Library Central Library Library Annex 19/12/1992 9.00 ME 19498 08/12/1993 USD 31.8 1.35 15  
26/01/2024   621.4021 BUR;1 4340 243.27 26/01/2024 Books     Library Annex   Central Library Central Library Library Annex 19/12/1992 9.00 ME 19498 08/12/1993 USD 31.8 1.35 15 Weeded Out 2016

© For any Suggestions or Query, please contact the library staff @ librarian@pes.edu or Phone: +9180 2672 1983/ 2108.